| 000 | 01081nam a2200301 4500 | ||
|---|---|---|---|
| 001 | 0000017506 | ||
| 003 | CO-CtgCURN | ||
| 005 | 20250521153438.0 | ||
| 007 | ta | ||
| 008 | 160627s1998 000 0 eng d | ||
| 020 | _a8445807072 | ||
| 040 |
_aCO-CtgCURN _bspa _ccoctgcurn |
||
| 082 | 0 |
_a617.3 _bP11i |
|
| 100 | 1 | _aPablos, Julio. | |
| 245 | 1 | 4 |
_aThe Inmature Knee / _cJulio Pablos. |
| 260 |
_aMadrid : _bMasson, _c1998. |
||
| 300 | _a378 p. | ||
| 336 | _2rdacontent | ||
| 337 |
_2rdamedia _asin mediacion _bn |
||
| 338 |
_2rdacarrier _avolumen _bnc |
||
| 500 | _aIncluye indice. | ||
| 504 | _aBibliografia (p. 362-363) | ||
| 505 | 8 | _aThe growing knee.--Orthopedi disorders.--Traumatic disorders.--Surgical techniques.--The Knee in other congenital disorders.--Discoid meniscus.--Nail patella syndrome.--Malignant tumors around Knn.--Malignant tumors around the Knee.--The Knee in neurologic disorders | |
| 650 | 1 | 4 | _aOrtopedia. |
| 908 | _a160627 | ||
| 942 |
_cBK _h617.3 _iP11i _2ddc _n0 |
||
| 999 |
_c23166 _d23166 |
||